000 00508nam a22001817a 4500
003 CEME
005 20210628210553.0
008 210210b xxu||||| |||| 00| 0 eng d
020 _a1-85340-354-7
040 _c.
082 _a004 ADR
100 _aAdrian Russell, Rosemary
_979995
245 _aInformation technology for parents how to help your child in the technical revolution
260 _aLONDON
_bPICCADILLY PRESS
_c1966
300 _a119P
650 _aIT FOR PARENTS
_979996
942 _cBK
_2ddc
999 _c584974
_d584974